Greening industry (Registro nro. 1934)

Detalles MARC
000 -CABECERA
Campo de control 00797nam a2200253 a 4500
005 - FECHA Y HORA DE LA ULTIMA TRANSACCION
Campo de control 20200104041526.0
008 - ELEMENTOS DE LONGITUD FIJA—INFORMACION GENERAL
Campo de control 140303t2000 wauad gr|||| 00| 0 eng d
020 ## - ISBN
ISBN 01952112788
040 ## - FUENTE DE CATALOGACIÓN
Agencia catalogadora original CO-BoIAVH
Agencia transcriptora CO-BoIAVH
041 ## - IDIOMA
Código de idioma para texto/pista de sonido o título separado Inglés
044 ## - PAÍS DE PUBLICACIÓN
País de publicación Estados Unidos
082 04 - NUMERO DE CLASIFICACION DECIMAL DEWEY
Número de clasificación 333.7
Número del ítem W92g2
110 2# - ASIENTO PRINCIPAL--NOMBRE CORPORATIVO
Unidad subordinad World Bank
9 (RLIN) 6725
245 1# - MENCION DE TITULO
Título Greening industry
Parte restante del título new roles for communities, markets, and governments
260 ## - PUBLICACION, DISTRIBUCION, ETC. (PIE DE IMPRENTA)
Lugar de publicación, distribución, etc. Washington
Nombre del editor, distribuidor, etc. Oxford University Press
Fecha de publicación, distribución, etc. 2000
300 ## - DESCRIPCION FISICA
Extensión 150 paginas :
Otros detalles físicos ilustraciones ;
Dimensiones 23 x19 cm
Material acompañante CD- ROOM
650 #6 - ASIENTO SECUNDARIO DE MATERIA - TERMINO TEMATICO
Término temático o nombre geográfico como elemento de entrada Agricultura
9 (RLIN) 304
650 #4 - ASIENTO SECUNDARIO DE MATERIA - TERMINO TEMATICO
Término temático o nombre geográfico como elemento de entrada Comunidades locales
9 (RLIN) 3678
650 #4 - ASIENTO SECUNDARIO DE MATERIA - TERMINO TEMATICO
Término temático o nombre geográfico como elemento de entrada Contaminación atmosférica
9 (RLIN) 3876
650 #4 - ASIENTO SECUNDARIO DE MATERIA - TERMINO TEMATICO
Término temático o nombre geográfico como elemento de entrada Legislación ambiental
9 (RLIN) 58203
650 #6 - ASIENTO SECUNDARIO DE MATERIA - TERMINO TEMATICO
Término temático o nombre geográfico como elemento de entrada Política ambiental
9 (RLIN) 58204
650 #4 - ASIENTO SECUNDARIO DE MATERIA - TERMINO TEMATICO
Término temático o nombre geográfico como elemento de entrada Industria verde
9 (RLIN) 13806
942 ## - ELEMENTOS ADICIONALES (KOHA)
Tipo de ítem Libro
Sistema de clasificación Dewey Decimal Classification
Existencias
Withdrawn status Lost status Sistema de Clasificación Damaged status No para préstamo Colección Inventariado Ubicación Permanente Ubicación actual Fecha de adquisición Fuente de Valor Valor Total Checkouts Número topográfico Inventario / Código de Barras Date last seen Ejemplar Price effective from Forma de adquisición Tipo de material Public note
    Dewey Decimal Classification     General Inventariado 2017 Bogotá Bogotá 26/01/2001 Instituto 39000.00   LB-333.7 W92g2 002415 04/12/2012 Ej. 1 04/12/2012   Libro Incluye CD-ROM CID-002416
    Local     General   Villa de Leyva Villa de Leyva 26/01/2001 Samper, Cristián     LB-01765 002416 04/12/2012 Ej. 1 04/12/2012   CD-ROM